=LDR 00000nam 2200000 4500 =001 INLIS000000000034462 =005 20130612140352 =008 ***********************************ind** =035 ##$$0010-061300000034462 =041 ##$$a ind =082 ##$$a 610.73 =090 ##$$a 610.73, Pri t =100 ##$$a Priharjo, Robert =245 ##$$a Teknik dasar pemberian obat bagi perawat/oleh Robert Priharjo; Editor, Ni Luh Gede Yasmin ASIH, skp =260 ##$$a 1995 $b Jakarta =850 ##$$a NBPNMAT